|
|
|
|
| LEADER |
00941nam a2200229 a 4500 |
| 001 |
7021000 |
| 008 |
090507r20011960 nyua 000 0 eng d |
| 010 |
|
|
|a 60011724
|
| 040 |
|
|
|a DLC
|c FM
|d OCoLC
|d DLC
|
| 082 |
|
|
|a 621.31913
|
| 100 |
1 |
|
|a Kerchner, Russell Marion,
|d 1899-
|
| 245 |
1 |
0 |
|a Alternating-current circuits
|c [by] Russell M. Kerchner [and] George F. Corcoran.
|
| 250 |
|
|
|a 4th ed.
|
| 260 |
|
|
|a New York,
|b Wiley,
|c 1960(reprinted 2001)
|
| 300 |
|
|
|a x,602 p.
|b illus.
|c 24 cm.
|
| 541 |
1 |
|
|e 00010727
|
| 650 |
|
0 |
|a Electric currents, Alternating.
|
| 650 |
|
0 |
|a Electric circuits.
|
| 700 |
1 |
|
|a Corcoran, George F.
|q (George Francis),
|d 1900-
|e joint author.
|
| 852 |
4 |
|
|a <add library>
|j <shelf mark>
|
| 999 |
|
|
|c 500
|d 500
|
| 952 |
|
|
|0 0
|1 0
|2 ddc
|4 0
|6 621_319130000000000_KER_2001
|7 0
|9 453
|a BRACUL
|b BRACUL
|c GEN
|d 2009-05-10
|g 0.00
|l 4
|m 12
|o 621.31913 KER
|p 3010010727
|r 2025-08-21
|s 2019-07-22
|t 1
|w 2009-05-10
|y BK
|x No price found in the accession register.
|